Bách khoa người cao tuổi
Giới thiệu kiến thức bách khoa về Người cao tuổi như: Định nghĩa, pháp luật... người cao tuổi; tâm sinh lý người cao tuổi; bệnh của người cao tuổi
Gardado en:
| Formato: | Libro |
|---|---|
| Idioma: | Undetermined |
| Publicado: |
Hà Nội
Từ điển Bách khoa
2005
|
| Những chủ đề: | |
| Các nhãn: |
Engadir etiqueta
Sen Etiquetas, Sexa o primeiro en etiquetar este rexistro!
|
| Thư viện lưu trữ: | Trung tâm Học liệu Trường Đại học Cần Thơ |
|---|
| LEADER | 00888nam a2200205Ia 4500 | ||
|---|---|---|---|
| 001 | CTU_95658 | ||
| 008 | 210402s9999 xx 000 0 und d | ||
| 020 | |c 80000 | ||
| 082 | |a 613.0438 | ||
| 082 | |b B102 | ||
| 245 | 0 | |a Bách khoa người cao tuổi | |
| 245 | 0 | |c Bùi Xuân Mỹ, Phạm Minh Thảo sưu tầm và biên soạn | |
| 260 | |a Hà Nội | ||
| 260 | |b Từ điển Bách khoa | ||
| 260 | |c 2005 | ||
| 520 | |a Giới thiệu kiến thức bách khoa về Người cao tuổi như: Định nghĩa, pháp luật... người cao tuổi; tâm sinh lý người cao tuổi; bệnh của người cao tuổi | ||
| 650 | |a Geriatrics,Health education | ||
| 650 | |x Encyclopedias | ||
| 904 | |i M.Loan (sửa số pl 613.0438/M600 thành 613.0438/B102) | ||
| 980 | |a Trung tâm Học liệu Trường Đại học Cần Thơ | ||